• 首页
  • 本馆介绍
  • 公告通知
  • 最新文献
  • 馆藏检索
  • 电子资源
  • 读者导购
  • 参考咨询
  • 我的图书馆
  • 登录
  • 详细信息显示
  • 放入我的书架
  • 预约/预借图书
  • 作者相关作品
  • 分类相关作品
  • 丛书相关作品
  • 出版社相关作品

书目信息

  • 表格格式
  • 工作单格式
  • 卡片格式
题名:
学生体育运动安全管理手册
    
 
作者: 陈佩杰 主编
分册:  
出版信息: 上海   华东师范大学出版社  2020.02
页数: 92页
开本: 26cm
丛书名: 上海市学生健康促进工程系列丛书
单 册:
中图分类: G633.963
科图分类:
主题词: 体育课--ti yu ke--安全教育--中小学--教学参考资料
电子资源:
ISBN: 978-7-5675-9151-6
000 01023nam 2200253 450
001 0109110049
005 20201109110333.0
010    @a978-7-5675-9151-6@dCNY49.00
100    @a20200605d2020 em y0chiy50 ea
101 0  @achi
102    @aCN@b310000
105    @ay z 000yy
106    @ar
200 1  @a学生体育运动安全管理手册@Axue sheng ti yu yun dong an quan guan li shou ce@f陈佩杰主编
210    @a上海@c华东师范大学出版社@d2020.02
215    @a92页@d26cm
225 2  @a上海市学生健康促进工程系列丛书@Ashang hai shi xue sheng jian kang cu jin gong cheng xi lie cong shu@f薛明扬主编
330    @a全书共五章:法律视野下的中小学体育运动安全管理、中小学体育教学活动安全的规范管理、中小学体育运动场地和运动器材的安全管理、中小学体育运动突发事件的应急管理等。
461  0 @12001 @a上海市学生健康促进工程系列丛书
606 0  @a体育课@Ati yu ke@x安全教育@x中小学@j教学参考资料
690    @aG633.963@v5
701  0 @a陈佩杰@Achen pei jie@4主编
801  0 @aCN@bBJSZM@c20201103
905    @b1265541-5@dG633.963@e229@f5
    
    学生体育运动安全管理手册/陈佩杰主编.-上海:华东师范大学出版社,2020.02
    92页;26cm.-(上海市学生健康促进工程系列丛书/薛明扬主编)
    
    
    ISBN 978-7-5675-9151-6:CNY49.00
    全书共五章:法律视野下的中小学体育运动安全管理、中小学体育教学活动安全的规范管理、中小学体育运动场地和运动器材的安全管理、中小学体育运动突发事件的应急管理等。
●
相关链接 在E读中查询图书 在五车中查询图书 在当当中查询图书 在豆瓣中查询图书


正题名:学生体育运动安全管理手册     索取号:G633.963/229         预约/预借

序号 登录号 条形码 馆藏地/架位号 状态 备注
1 1265541   212655410   第一样本阅览室/ [索取号:G633.963/229] 在馆    
2 1265542   212655429   教育系资料室/ [索取号:G633.963/229] 在馆    
3 1265543   212655438   教育系资料室/ [索取号:G633.963/229] 在馆    
4 1265544   212655447   第四借阅区/ [索取号:G633.963/229] 在馆    
5 1265545   212655456   第四借阅区/ [索取号:G633.963/229] 在馆    
唐山师范学院图书馆 欢迎您!
大连网信软件有限公司© 版权所有